LEADER 00951nam0-22002651i-450 001 990007467960403321 005 20220615092322.0 010 $a2-222-02333-5 035 $a000746796 100 $a20030814d1978----km-y0itay50------ba 101 0 $aita 200 1 $a<>dimensions du changement urban$eevolution des structures socio-èconomiques du système urbain francais de 1954-1975$fpar Denise Pumain, Thèrése Saint-Julien.- 210 $aParis$cEditions du Centre National de la Recherche Scientifique$d1978 215 $a198 p.$cill.$d27 cm 225 1 $aMèmoires et documents de gèographie 610 0 $aFRANCIA - GEOGRAFIA URBANA (1954-1975) 700 1$aPumain,$bDenise$0121327 702 1$aSaint-Julien,$bThérèse 801 0$aIT$bUNINA$gRICA$2UNIMARC 901 $aBK 912 $a990007467960403321 952 $aB-EU 0004$bI.G.10985$fILFGE 959 $aILFGE 996 $aDimensions du changement urban$9674280 997 $aUNINA LEADER 01335nas 2200421-a 450 001 996217240003316 005 20221206230729.0 011 $a1873-7692 035 $a(OCoLC)38840913 035 $a(CKB)954925542202 035 $a(CONSER)--2003233319 035 $a(DE-599)ZDB2001911-7 035 $a(EXLCZ)99954925542202 100 $a19980324a19859999 s-- a 101 0 $aeng 135 $aurmnu|||||||| 181 $ctxt$2rdacontent 182 $cc$2rdamedia 183 $acr$2rdacarrier 200 10$aComputers in human behavior$b[e-journal] 210 $aNew York $cElsevier Science 300 $aRefereed/Peer-reviewed 311 $a0747-5632 531 $aCOMPUT. HUM. BEHAV 531 $aCOMPUT HUMAN BEHAV 606 $aPsychology$xData processing$vPeriodicals 606 $aComputers$xPsychological aspects$vPeriodicals 606 $aComputers$xPsychological aspects$2fast$3(OCoLC)fst00872843 606 $aPsychology$xData processing$2fast$3(OCoLC)fst01081463 608 $aPeriodicals.$2fast 615 0$aPsychology$xData processing 615 0$aComputers$xPsychological aspects 615 7$aComputers$xPsychological aspects. 615 7$aPsychology$xData processing. 906 $aJOURNAL 912 $a996217240003316 996 $aComputers in human behavior$91894938 997 $aUNISA